000 01151cam a22003011a 4500
001 e 22000001
003 DLC
005 20260227111212.0
007 cr_|||||||||||
008 850423s1921 dcu 000 0 eng c
010 _ae 22000001
035 _a(OCoLC)11952144
040 _aU.S. Off. of Educ. Library
_cABAU
_dABAU
_dDLC
042 _apremarc
050 0 0 _aL111
_b.A6 1921, no. 39
051 _aLA817
_b.M6
100 1 _aMontgomery, Walter A.
_q(Walter Alexander),
_d1872-1949.
245 1 0 _aEducational reconstruction in Belgium /
_cby Walter A. Montgomery.
260 _aWashington :
_bG.P.O.,
_c1921.
300 _a12 p. ;
_c23 cm.
490 1 _aBulletin / Department of the Interior, Bureau of Education ;
_v1921, no. 39
500 _a"Advance sheets from the Biennial survey of education in the United States, 1918-1920"
504 _aIncludes bibliographical references.
530 _aAlso available in digital form on the Internet Archive Web site.
650 0 _aEducation
_zBelgium.
830 0 _aBulletin (United States. Bureau of Education) ;
_v1921, no. 39
856 4 1 _uhttp://hdl.loc.gov/loc.gdc/scd0001.00215025391
999 _c20488
_d20488